000
002390000a22000970004500
100
1
_a
Milován, Guillermo
245
1
0
_a
Los curiosos
300
_a
Vol. 57, Núm 260 (2002), Páginas 8-10
773
0
_t
La Biblia de las Américas
942
_c
ANA
999
_c
51706
_d
51706